Подробности
| 000 -МАРКЕР |
| контрольное поле |
01720nam0a22002891 4500 |
| 001 - ИДЕНТИФИКАТОР ЗАПИСИ |
| контрольное поле |
rc\4172357 |
| 005 - ИДЕНТИФИКАТОР ВЕРСИИ |
| контрольное поле |
20260408004320.0 |
| 021 ## - НОМЕР ГОСУДАРСТВЕННОЙ РЕГИСТРАЦИИ |
| Код страны |
Российская Федерация |
| Номер |
[48-1048] |
| 035 ## - ДРУГИЕ СИСТЕМНЫЕ НОМЕРА |
| Идентификатор записи |
(NLR Aleph) 008184245 |
| 100 ## - ДАННЫЕ ОБЩЕЙ ОБРАБОТКИ |
| Данные общей обработки |
20130415d1947 |||y0rusy50 ca |
| 101 0# - ЯЗЫК РЕСУРСА |
| Язык текста, звукозаписи и т.д. |
русский |
| 102 ## - СТРАНА ПУБЛИКАЦИИ ИЛИ ПРОИЗВОДСТВА |
| Страна публикации |
Российская Федерация |
| 105 ## - ПОЛЕ КОДИРОВАННЫХ ДАННЫХ: ТЕКСТОВЫЕ МАТЕРИАЛЫ, МОНОГРАФИЧЕСКИЕ |
| Кодированные данные о монографическом текстовом документе |
a z ||||| |
| 200 1# - ЗАГЛАВИЕ И СВЕДЕНИЯ ОБ ОТВЕТСТВЕННОСТИ |
| Основное заглавие |
Типовой проект сельской библиотеки на 5000 томов |
| Сведения, относящиеся к заглавию |
Здание рубленое одноэтажное с печным отоплением |
| Первые сведения об ответственности |
Разраб. Архитектурно-проектной мастерской М-ва просвещения РСФСР |
| Последующие сведения об ответственности |
Ком. по делам культ.-просвет. учреждений при Совете Министров РСФСР |
| 210 ## - ПУБЛИКАЦИЯ, РАСПРОСТРАНЕНИЕ И ДР. |
| Место издания, распространения и т.д. |
Москва |
| Имя издателя, распространителя и т. д. |
Изд-во и тип. Госкультпросветиздата - тип. Профиздата |
| Дата издания, распространения и т.д. |
1947 |
| 215 ## - ФИЗИЧЕСКАЯ ХАРАКТЕРИСТИКА |
| Специфическое обозначение материала и объем |
15 с. текста, 26 с. черт. |
| Размеры |
33х46 |
| 300 ## - ОБЩИЕ ПРИМЕЧАНИЯ |
| Текст примечания |
Авт. проекта: архит. А.М. Крылов |
| 606 ## - НАИМЕНОВАНИЕ ТЕМЫ КАК ПРЕДМЕТ |
| Наименование темы |
Библиотеки сельские |
| Формальный подзаголовок |
Проекты и чертежи |
| Код системы |
psbo |
| 701 #1 - ИМЯ ЛИЦА - АЛЬТЕРНАТИВНАЯ ОТВЕТСТВЕННОСТЬ |
| Начальный элемент ввода |
Крылов |
| Часть имени, кроме начального элемента ввода |
А.М. |
| Дополнения к именам, кроме дат |
архитектор |
| Даты |
1901-1978 |
| Расширение инициалов личного имени |
Александр Михайлович |
| Системный номер авторитетной/нормативной записи |
193610 |
| Идентификатор авторитетной/нормативной записи |
RU\NLR\AUTH\770193661 |
| 712 01 - НАИМЕНОВАНИЕ ОРГАНИЗАЦИИ - ВТОРИЧНАЯ ОТВЕТСТВЕННОСТЬ |
| Начальный элемент ввода |
РСФСР |
| Структурное подразделение |
Комитет по делам культурно-просветительных учреждений |
| Идентификатор авторитетной/нормативной записи |
RU\NLR\AUTH\8810168953 |
| Системный номер авторитетной/нормативной записи |
833679 |
| 712 02 - НАИМЕНОВАНИЕ ОРГАНИЗАЦИИ - ВТОРИЧНАЯ ОТВЕТСТВЕННОСТЬ |
| Начальный элемент ввода |
Архитектурно-проектная мастерская Министерства просвещения РСФСР |
| Идентификатор авторитетной/нормативной записи |
RU\NLR\AUTH\8810160621 |
| Системный номер авторитетной/нормативной записи |
817090 |
| 801 #0 - ИСТОЧНИК ЗАПИСИ |
| Страна |
Российская Федерация |
| Организация |
NLR |
| Правила каталогизации |
psbo |
| 801 #1 - ИСТОЧНИК ЗАПИСИ |
| Страна |
Российская Федерация |
| Организация |
ELAR |
| Источник данных |
rusmarc |
| 852 ## - МЕСТОНАХОЖДЕНИЕ И ШИФР ХРАНЕНИЯ |
| Идентификатор организации |
NLR |
| Шифр хранения (Call Number) |
Б 7100/Т433 |
| 942 ## - ДОПОЛНИТЕЛЬНЫЕ ЭЛЕМЕНТЫ ЗАПИСИ (АБИС) |
| Тип экземпляра АБИС |
Книга |
| 980 ## - КОЛЛЕКЦИЯ |
| Название коллекции |
Национальная библиография |